[Event "?"]
[Site "?"]
[Date "????.??.??"]
[Round "?"]
[White "Schröter, H."]
[Black "Kugelmann, W."]
[Result "1/2-1/2"]
[WhiteElo "2063"]
[BlackElo "2143"]
[PlyCount "55"]
[EventDate "2013.??.??"]
[WhiteTeam "SV TUR Dresden"]
[BlackTeam "BSW/DBAG 1"]

1. f4 Nf6 2. g3 g6 3. Bg2 Bg7 4. Nf3 O-O 5. O-O d6 6. d3 Nbd7 7. Nc3 c6 8. Kh1
e5 9. e4 Qc7 10. Be3 Re8 11. Qd2 Ng4 12. Bg1 Nf8 13. h3 Nf6 14. Rae1 Nh5 15.
Bh2 Bh6 16. Ne2 Ne6 17. Ng5 f6 18. Nxe6 Bxe6 19. Qc3 Qd7 20. g4 Nxf4 21. Nxf4
exf4 22. Bxf4 Bg7 23. d4 Bf7 24. a4 Rad8 25. a5 d5 26. e5 fxe5 27. dxe5 d4 28.
Qg3 1/2-1/2

[Event "?"]
[Site "?"]
[Date "????.??.??"]
[Round "?"]
[White "Boehm, E."]
[Black "Appelt, G."]
[Result "1-0"]
[WhiteElo "2221"]
[BlackElo "2059"]
[PlyCount "45"]
[EventDate "2013.??.??"]
[WhiteTeam "BSW/DBAG 1"]
[BlackTeam "SV TUR Dresden"]

1. e4 c5 2. Nc3 e6 3. g3 d5 4. d3 Nc6 5. Bg2 Nge7 6. Nh3 dxe4 7. dxe4 Qxd1+ 8.
Nxd1 Bd7 9. f4 g6 10. c3 O-O-O 11. Be3 b6 12. Ng5 Be8 13. e5 Nd5 14. Bf2 Be7
15. Ne4 Kc7 16. Ne3 f5 17. exf6 Nxf6 18. Ng5 Bd7 19. Nf7 Rhf8 20. Nxd8 Bxd8 21.
Nc4 Re8 22. O-O e5 23. Bxc6 1-0

[Event "?"]
[Site "?"]
[Date "????.??.??"]
[Round "?"]
[White "Werchan, H."]
[Black "Liebert, H."]
[Result "1/2-1/2"]
[WhiteElo "2141"]
[BlackElo "2224"]
[PlyCount "23"]
[EventDate "2013.??.??"]
[WhiteTeam "Ottonen Magdeburg"]
[BlackTeam "Sachsen-Anhalt"]

1. Nf3 Nf6 2. c4 c5 3. d4 cxd4 4. Nxd4 e6 5. g3 d5 6. Bg2 Bb4+ 7. Nc3 O-O 8.
Qb3 Nc6 9. Nxc6 Bxc3+ 10. Qxc3 bxc6 11. O-O Qe7 12. Bg5 1/2-1/2

[Event "?"]
[Site "?"]
[Date "????.??.??"]
[Round "?"]
[White "Neukirch, D."]
[Black "Bondick, K."]
[Result "1-0"]
[WhiteElo "2247"]
[BlackElo "2082"]
[PlyCount "93"]
[EventDate "2013.??.??"]
[WhiteTeam "Sachsen-Anhalt"]
[BlackTeam "Ottonen Magdeburg"]

1. e4 d5 2. exd5 c6 3. dxc6 Nxc6 4. Nf3 e5 5. Bb5 Bd6 6. Nc3 Nge7 7. d4 exd4 8.
Qxd4 O-O 9. Qh4 Bf5 10. Ba4 a6 11. O-O Qc7 12. Be3 Bg6 13. Bb3 Rae8 14. Nd5
Nxd5 15. Bxd5 Nb4 16. Bb3 Qd7 17. Rad1 Qc7 18. Rd4 Nc6 19. Rg4 Ne5 20. Nxe5
Bxe5 21. Bd4 Bxd4 22. Rxd4 Re2 23. Qg4 Rfe8 24. Rd7 Qb6 25. Qf3 R2e7 26. Rxe7
Rxe7 27. h3 h6 28. Rd1 Kh7 29. Qf4 Qa5 30. Kh2 Re4 31. Qg3 Re2 32. Rd7 Qf5 33.
Rxb7 Rxf2 34. Rb6 Qc5 35. Rc6 Qd4 36. Rc4 Qf6 37. Qc3 Qg5 38. Rg4 Qc1 39. Qd4
Rf1 40. Qe5 f6 41. Qe2 Bf5 42. Qe8 Rh1+ 43. Kg3 Qe1+ 44. Qxe1 Rxe1 45. Ra4 Rb1
46. Rxa6 Rxb2 47. Rb6 1-0

[Event "?"]
[Site "?"]
[Date "????.??.??"]
[Round "?"]
[White "Andreas, G."]
[Black "Hamm, G."]
[Result "0-1"]
[WhiteElo "2000"]
[BlackElo "2109"]
[PlyCount "75"]
[EventDate "2013.??.??"]
[WhiteTeam "Ottonen Magdeburg"]
[BlackTeam "Sachsen-Anhalt"]

1. c4 Nf6 2. g3 g6 3. Bg2 Bg7 4. Nc3 c5 5. Nf3 O-O 6. O-O Nc6 7. d4 cxd4 8.
Nxd4 Ne5 9. b3 d6 10. Bb2 a6 11. Qc2 Rb8 12. Rac1 Bd7 13. Rfd1 Qb6 14. h3 Bh6
15. e3 Rfc8 16. Qe2 Bg7 17. Kh2 Qa5 18. Ba1 h5 19. Rd2 b5 20. cxb5 axb5 21.
Rdc2 b4 22. Ne4 Nxe4 23. Rxc8+ Rxc8 24. Rxc8+ Bxc8 25. Bxe4 Ba6 26. Qd2 d5 27.
Bg2 h4 28. f4 hxg3+ 29. Kxg3 Nd3 30. Nc6 Qc5 31. Bxg7 Kxg7 32. Nb8 Bb5 33. Bf1
Qc3 34. Qe2 Ne1 35. Qf2 Bxf1 36. Qxf1 Qxe3+ 37. Kh2 Nf3+ 38. Kg3 0-1

[Event "?"]
[Site "?"]
[Date "????.??.??"]
[Round "?"]
[White "Breitfeld, J."]
[Black "Graßmann, H."]
[Result "1/2-1/2"]
[WhiteElo "2011"]
[BlackElo "1941"]
[PlyCount "45"]
[EventDate "2013.??.??"]
[WhiteTeam "Sachsen-Anhalt"]
[BlackTeam "Ottonen Magdeburg"]

1. b4 e5 2. Bb2 Bxb4 3. Bxe5 Nf6 4. e3 O-O 5. Be2 Nc6 6. Bb2 d5 7. Nf3 Re8 8.
O-O Bg4 9. h3 Bh5 10. d3 Bxf3 11. Bxf3 Ne5 12. a4 c6 13. Ba3 Qa5 14. Bb2 Rad8
15. Be2 Qc7 16. c3 Bd6 17. Nd2 Qe7 18. Qb3 Rb8 19. d4 Ng6 20. Nf3 Ne4 21. Ba3
Ng3 22. Rfe1 Nxe2+ 23. Rxe2 1/2-1/2

[Event "?"]
[Site "?"]
[Date "????.??.??"]
[Round "?"]
[White "Lehmann, K."]
[Black "Sobeck, G."]
[Result "1/2-1/2"]
[WhiteElo "2114"]
[BlackElo "2096"]
[PlyCount "31"]
[EventDate "2013.??.??"]
[WhiteTeam "SF Leipzig"]
[BlackTeam "USG Chemnitz"]

1. Nf3 Nf6 2. c4 e6 3. g3 b6 4. Bg2 Bb7 5. O-O c5 6. Nc3 Be7 7. d4 cxd4 8. Qxd4
d6 9. Rd1 a6 10. b3 Nbd7 11. Bg5 O-O 12. Rac1 h6 13. Bxf6 Nxf6 14. Nd2 Bxg2 15.
Kxg2 Qc7 16. Nde4 1/2-1/2

[Event "?"]
[Site "?"]
[Date "????.??.??"]
[Round "?"]
[White "Wuensch, U."]
[Black "Beltz, R."]
[Result "0-1"]
[WhiteElo "2092"]
[BlackElo "2152"]
[PlyCount "78"]
[EventDate "2013.??.??"]
[WhiteTeam "USG Chemnitz"]
[BlackTeam "SF Leipzig"]

1. d4 d5 2. Nf3 Nf6 3. e3 c6 4. Nbd2 Bf5 5. Be2 h6 6. O-O e6 7. c4 Nbd7 8. b3
Bd6 9. Bb2 O-O 10. Ne5 Qe7 11. a3 Bh7 12. f4 c5 13. Ndf3 Rac8 14. Bd3 b6 15.
Bxh7+ Kxh7 16. Qd3+ Kg8 17. Nxd7 Nxd7 18. dxc5 Nxc5 19. Qd4 f6 20. Nd2 dxc4 21.
Qxc4 Rfd8 22. Ne4 Nb7 23. Qe2 Bb8 24. Rfd1 f5 25. Nc3 e5 26. Rxd8+ Nxd8 27. Nd5
Qe6 28. Rd1 exf4 29. Qh5 fxe3 30. Nf6+ gxf6 31. Qg6+ Kf8 32. Bxf6 Bd6 33. Qxh6+
Ke8 34. Qh8+ Kd7 35. Qh7+ Nf7 36. Be5 e2 37. Rxd6+ Qxd6 38. Qxf5+ Qe6 39. Qd3+
Ke8 0-1

[Event "?"]
[Site "?"]
[Date "????.??.??"]
[Round "?"]
[White "Pfeiffer, A."]
[Black "Weber, B."]
[Result "1/2-1/2"]
[WhiteElo "2077"]
[BlackElo "2155"]
[PlyCount "113"]
[EventDate "2013.??.??"]
[WhiteTeam "USG Chemnitz"]
[BlackTeam "SF Leipzig"]

1. e4 e5 2. Nf3 Nc6 3. Bb5 Nge7 4. O-O d6 5. h3 Bd7 6. d4 Ng6 7. d5 Nb8 8. Nc3
Be7 9. Re1 O-O 10. Bf1 a5 11. Be3 Na6 12. Ne2 f5 13. exf5 Bxf5 14. Ng3 Bd7 15.
Ne4 h6 16. c4 b6 17. g3 Nc5 18. Bxc5 bxc5 19. Nh2 Qe8 20. Qh5 Nh8 21. Qxe8
Raxe8 22. Ng4 Nf7 23. Ne3 Ng5 24. Nxg5 Bxg5 25. h4 Be7 26. Bd3 Rf6 27. Be4 g6
28. Kg2 Kg7 29. h5 gxh5 30. Rh1 Rb8 31. b3 Rbf8 32. f3 Ra8 33. Rxh5 a4 34. Rhh1
Rff8 35. Kf2 Bg5 36. Ke2 Rfb8 37. Bc2 Bf6 38. Rab1 axb3 39. axb3 Ra2 40. Ra1
Rba8 41. Rxa2 Rxa2 42. Kd2 Bg5 43. Re1 Kf6 44. Kc3 Ra8 45. Nd1 Kg7 46. Nf2 Rf8
47. Bd1 Bf5 48. Be2 Ra8 49. Kb2 Be3 50. Ne4 Bd4+ 51. Nc3 Bg6 52. Rd1 Bf2 53. g4
Bd4 54. Bd3 Bf7 55. Kc2 Bxc3 56. Kxc3 Ra2 57. Rd2 1/2-1/2

[Event "?"]
[Site "?"]
[Date "????.??.??"]
[Round "?"]
[White "Ghijsen, P."]
[Black "Taksrud, V."]
[Result "0-1"]
[WhiteElo "2187"]
[BlackElo "2035"]
[PlyCount "140"]
[EventDate "2013.??.??"]
[WhiteTeam "VAS"]
[BlackTeam "Norwegen 2"]

1. d4 Nf6 2. Nf3 e6 3. Bf4 c5 4. e3 Nc6 5. Nbd2 b6 6. h3 Bb7 7. Bd3 Be7 8. c3
O-O 9. Qe2 d5 10. O-O-O c4 11. Bc2 b5 12. e4 b4 13. e5 bxc3 14. exf6 cxd2+ 15.
Bxd2 Bxf6 16. Bc3 Qc7 17. g3 a5 18. h4 Rfb8 19. Qe3 Nb4 20. Bb1 Ba6 21. Ne1 a4
22. a3 Nd3+ 23. Nxd3 cxd3 24. Bxd3 Bxd3 25. Qxd3 Be7 26. Kd2 Rb3 27. Rc1 e5 28.
Qe2 exd4 29. Bxd4 Qa5+ 30. Kd1 Bf8 31. Rc2 Rd8 32. Re1 Qa8 33. Kc1 Qb7 34. Rd1
h6 35. Rd3 Rb5 36. Rdc3 Ra5 37. Rc7 Qa6 38. Qxa6 Rxa6 39. Rc8 Ra8 40. Rxd8 Rxd8
41. Rc7 Bd6 42. Rc6 f6 43. f4 Rd7 44. Kd2 g5 45. Bxf6 gxf4 46. g4 Kf7 47. g5
Ke6 48. Ra6 Kf5 49. Rxa4 hxg5 50. hxg5 Rh7 51. Rd4 Rh2+ 52. Ke1 Ke6 53. Rd3 Be5
54. b4 Rb2 55. Kf1 Rc2 56. a4 Rc4 57. Rb3 Bd6 58. Bc3 Kf5 59. a5 Kxg5 60. b5
Ra4 61. b6 d4 62. Be1 Ra1 63. Ke2 Kg4 64. Bb4 Bxb4 65. Rxb4 f3+ 66. Kf2 Ra2+
67. Kf1 Ra1+ 68. Kf2 Ra2+ 69. Kf1 Kg3 70. Rb1 Rh2 0-1

[Event "?"]
[Site "?"]
[Date "????.??.??"]
[Round "?"]
[White "Sollid, S."]
[Black "Lindner, J."]
[Result "0-1"]
[WhiteElo "2019"]
[BlackElo "2157"]
[PlyCount "25"]
[EventDate "2013.??.??"]
[WhiteTeam "Norwegen 2"]
[BlackTeam "VAS"]

1. e4 e6 2. d4 d5 3. Nc3 Bb4 4. e5 c5 5. Bd2 Ne7 6. dxc5 Bxc5 7. Nf3 O-O 8. Bd3
Ng6 9. Bxg6 fxg6 10. Na4 g5 11. Qe2 Bd7 12. b3 Bxa4 13. bxa4 0-1

[Event "?"]
[Site "?"]
[Date "????.??.??"]
[Round "?"]
[White "Jongsma, A."]
[Black "Theting, H."]
[Result "1-0"]
[WhiteElo "2148"]
[BlackElo "1990"]
[PlyCount "81"]
[EventDate "2013.??.??"]
[WhiteTeam "VAS"]
[BlackTeam "Norwegen 2"]

1. e4 g6 2. h4 h5 3. d4 Bg7 4. Nc3 d6 5. Be3 a6 6. a4 b6 7. Bc4 e6 8. Nf3 Ne7
9. Qe2 Nd7 10. Ng5 Nf6 11. e5 Nfd5 12. exd6 Qxd6 13. Nce4 Qc6 14. c3 Bb7 15.
Bd2 O-O 16. Bd3 e5 17. c4 Nf4 18. Bxf4 exf4 19. d5 Qd7 20. Qd2 Nf5 21. Qxf4
Bxb2 22. Rb1 Bg7 23. O-O Qe7 24. Ng3 Nh6 25. Rfe1 Qd7 26. a5 Bc3 27. N3e4 Bg7
28. axb6 cxb6 29. Rxb6 Bc8 30. Rd6 Qa4 31. Nf6+ Kh8 32. Ngh7 Qa5 33. Re3 Rd8
34. Rxd8+ Qxd8 35. Re8+ Qxe8 36. Nxe8 Kxh7 37. Nxg7 Kxg7 38. Qe5+ Kh7 39. Qc7
a5 40. d6 a4 41. Qc6 1-0

[Event "?"]
[Site "?"]
[Date "????.??.??"]
[Round "?"]
[White "Melkeraaen, T."]
[Black "Van Dongen, R."]
[Result "1/2-1/2"]
[WhiteElo "1950"]
[BlackElo "1986"]
[PlyCount "79"]
[EventDate "2013.??.??"]
[WhiteTeam "Norwegen 2"]
[BlackTeam "VAS"]

1. Nf3 Nf6 2. d4 d5 3. c4 e6 4. Nc3 c6 5. cxd5 exd5 6. Bg5 Be7 7. e3 Bf5 8. Bd3
Bxd3 9. Qxd3 h6 10. Bh4 Nbd7 11. O-O O-O 12. Rab1 a5 13. Rfe1 Re8 14. Rbc1 Nh5
15. Bxe7 Rxe7 16. Na4 Nhf6 17. Nc5 Qc7 18. Re2 Ne4 19. Nxd7 Qxd7 20. Rec2 Qf5
21. Qa3 Qe6 22. b4 Qd6 23. Rb1 Ree8 24. Qb3 axb4 25. Qxb4 Qxb4 26. Rxb4 Nd6 27.
Ne5 Ra7 28. Nf3 Rea8 29. Ne1 Ra6 30. Kf1 b5 31. Ke2 Nc4 32. Kd3 f5 33. Re2 Kf7
34. Rc2 Kf6 35. Re2 g5 36. Rb3 h5 37. Rb4 h4 38. Rb3 Kg6 39. Rb4 Kh5 40. Rb3
1/2-1/2

[Event "?"]
[Site "?"]
[Date "????.??.??"]
[Round "?"]
[White "Beltz, M."]
[Black "Watzka, H."]
[Result "0-1"]
[WhiteElo "2090"]
[BlackElo "2273"]
[PlyCount "122"]
[EventDate "2013.??.??"]
[WhiteTeam "Deutschland Frauen"]
[BlackTeam "Steiermark"]

1. f4 c5 2. Nf3 d6 3. e3 Nf6 4. b3 g6 5. Bb2 Bg7 6. Be2 Nc6 7. O-O O-O 8. Qe1
e5 9. fxe5 Ng4 10. Na3 Ngxe5 11. Nxe5 Nxe5 12. Nc4 Be6 13. Nxe5 dxe5 14. Rd1
Qe7 15. Qg3 Bd5 16. Rf2 Rad8 17. d4 exd4 18. exd4 Bc6 19. Qf4 Qe4 20. Qxe4 Bxe4
21. c3 cxd4 22. cxd4 a6 23. Rf4 Rfe8 24. Bc4 Bd5 25. Bxd5 Rxd5 26. Kf2 Rc8 27.
Ke1 f5 28. Rf2 Rcd8 29. Rfd2 Kf7 30. Kf2 R8d7 31. Kf3 Bf6 32. Rd3 g5 33. h3 h5
34. Bc3 g4+ 35. hxg4 hxg4+ 36. Kf2 Kg6 37. g3 Rc7 38. Ke2 Rh7 39. Rf1 Rdd7 40.
Rf2 Bg5 41. d5 Be7 42. Be5 Bc5 43. Bd4 Rxd5 44. Bxc5 Rxc5 45. Rd6+ Kg5 46. Kd3
Rhc7 47. Rd8 Rc8 48. Rd7 Rc3+ 49. Kd4 Rxg3 50. Rxb7 Rd8+ 51. Kc4 Rf3 52. Rg2 g3
53. Kc5 f4 54. Rg7+ Kf5 55. Rf7+ Ke6 56. Rg7 Kf6 57. Rc7 Rc3+ 58. Kb6 Rxc7 59.
Kxc7 Rg8 60. Kb6 f3 61. Rg1 g2 0-1

[Event "?"]
[Site "?"]
[Date "????.??.??"]
[Round "?"]
[White "Nickl, K."]
[Black "Burchardt, B."]
[Result "0-1"]
[WhiteElo "2101"]
[BlackElo "2201"]
[PlyCount "114"]
[EventDate "2013.??.??"]
[WhiteTeam "Steiermark"]
[BlackTeam "Deutschland Frauen"]

1. d4 d5 2. Nc3 Nf6 3. Bg5 Nbd7 4. e3 c6 5. Nf3 Qa5 6. Nd2 g6 7. Be2 Bg7 8. O-O
O-O 9. Bf4 Re8 10. Nb3 Qd8 11. h3 e5 12. dxe5 Nxe5 13. Nd4 Qe7 14. Nf3 Nxf3+
15. Bxf3 Ne4 16. Bxe4 dxe4 17. Qd6 Qxd6 18. Bxd6 f5 19. Rfd1 Be6 20. a4 Rad8
21. Bc7 Rxd1+ 22. Rxd1 Bf6 23. g3 Rc8 24. Bd6 b6 25. h4 Kf7 26. Bf4 a6 27. Bg5
Bg7 28. Bd8 b5 29. Ba5 Bf6 30. Ra1 Rb8 31. axb5 axb5 32. Bb4 Rb7 33. Ra6 Rc7
34. Bd6 Rc8 35. Ra7+ Kg8 36. Ra6 Bc4 37. Rb6 Bg7 38. Rb8 Rxb8 39. Bxb8 b4 40.
Na4 Be2 41. Bd6 Bb5 42. b3 Bf8 43. Be5 Kf7 44. Nb6 Ke6 45. Bd4 Be2 46. Nc4 Bd1
47. Kf1 Bxc2 48. Na5 c5 49. Bb2 Bd6 50. Ke1 Bc7 51. Kd2 Bd3 52. Nc4 Bxc4 53.
bxc4 Be5 54. Bc1 Kf6 55. Kc2 g5 56. hxg5+ Kxg5 57. Bd2 Kg4 0-1

[Event "?"]
[Site "?"]
[Date "????.??.??"]
[Round "?"]
[White "Nobis, M."]
[Black "Kratschmer, H."]
[Result "1/2-1/2"]
[WhiteElo "1846"]
[BlackElo "2139"]
[PlyCount "55"]
[EventDate "2013.??.??"]
[WhiteTeam "Deutschland Frauen"]
[BlackTeam "Steiermark"]

1. e4 c5 2. Nf3 g6 3. d4 cxd4 4. Nxd4 Nc6 5. c4 Nf6 6. Nc3 d6 7. Be2 Nxd4 8.
Qxd4 Bg7 9. Qd1 O-O 10. O-O Be6 11. Be3 Qa5 12. Bd4 Rfc8 13. Nd5 Nxd5 14. exd5
Bd7 15. Bxg7 Kxg7 16. Qd4+ Kg8 17. h4 b5 18. b3 bxc4 19. bxc4 Rab8 20. h5 Qb6
21. Qh4 e5 22. Qf6 gxh5 23. Bxh5 Be8 24. Qg5+ Kh8 25. Qf6+ Kg8 26. Qg5+ Kh8 27.
Qf6+ Kg8 28. Qg5+ 1/2-1/2

[Event "?"]
[Site "?"]
[Date "????.??.??"]
[Round "?"]
[White "Pitzl, K."]
[Black "Gottschall, I."]
[Result "1/2-1/2"]
[WhiteElo "2055"]
[BlackElo "1731"]
[PlyCount "100"]
[EventDate "2013.??.??"]
[WhiteTeam "Steiermark"]
[BlackTeam "Deutschland Frauen"]

1. Nf3 Nf6 2. g3 d5 3. Bg2 g6 4. O-O Bg7 5. c4 O-O 6. cxd5 Nxd5 7. Nc3 e6 8. d4
b6 9. e4 Nxc3 10. bxc3 Ba6 11. Re1 c5 12. e5 Bb7 13. Bg5 Qc7 14. Qd2 Qc6 15.
Nh4 Qc7 16. Bxb7 Qxb7 17. dxc5 bxc5 18. Rad1 Nc6 19. Qd6 h6 20. Bf6 Rac8 21.
Qxc5 g5 22. Ng2 Nb8 23. Qd4 Qc7 24. h4 Bxf6 25. exf6 Qxc3 26. hxg5 Qxd4 27.
Rxd4 hxg5 28. Rg4 Rc5 29. f4 Rfc8 30. fxg5 Nd7 31. g6 Ne5 32. gxf7+ Kxf7 33.
Rxe5 Rxe5 34. Rg7+ Kxf6 35. Rxa7 Rc1+ 36. Kf2 Rc2+ 37. Kf3 Rc3+ 38. Kf2 Rb5 39.
Ne3 Rb2+ 40. Kf3 Rd2 41. Ra4 Rdd3 42. Rf4+ Ke7 43. Re4 Ra3 44. Ke2 Rd8 45. g4
Rxa2+ 46. Kf3 Ra3 47. Kf4 Rf8+ 48. Kg5 Rg8+ 49. Kf4 Rf8+ 50. Kg5 Rg8+ 1/2-1/2

[Event "?"]
[Site "?"]
[Date "????.??.??"]
[Round "?"]
[White "Pape, M."]
[Black "Van Geffen, B."]
[Result "1/2-1/2"]
[WhiteElo "2216"]
[BlackElo "2096"]
[PlyCount "96"]
[EventDate "2013.??.??"]
[WhiteTeam "Widukind 1"]
[BlackTeam "Niederlande"]

1. Nf3 c5 2. g3 Nf6 3. Bg2 Nc6 4. d3 d5 5. Nbd2 g6 6. O-O Bg7 7. c4 O-O 8. a3
Qc7 9. Rb1 Rd8 10. cxd5 Nxd5 11. Qc2 Nd4 12. Nxd4 cxd4 13. Qxc7 Nxc7 14. Nc4
Nd5 15. h3 Be6 16. Bd2 b6 17. a4 Rac8 18. Rfc1 h6 19. Na3 Kh7 20. Nb5 a6 21.
Na3 Be5 22. Nc4 Bc7 23. Rc2 Bb8 24. Rbc1 Ba7 25. Ne5 Rxc2 26. Rxc2 Bb8 27. Nc6
Rc8 28. Nxd4 Rxc2 29. Nxc2 Be5 30. d4 Bf6 31. e4 Nc7 32. d5 Bd7 33. b3 a5 34.
Bf1 e6 35. Bf4 Ne8 36. Be3 Bd8 37. Nd4 exd5 38. exd5 Nd6 39. Kh2 Nf5 40. Nxf5
Bxf5 41. Bd4 Kg8 42. Bc4 Kf8 43. f3 Ke7 44. Kg2 Kd6 45. h4 h5 46. Kf2 Bc8 47.
Ke3 Bb7 48. f4 Bxd5 1/2-1/2

[Event "?"]
[Site "?"]
[Date "????.??.??"]
[Round "?"]
[White "Holscher, P."]
[Black "Szenetra, W."]
[Result "1/2-1/2"]
[WhiteElo "2085"]
[BlackElo "2186"]
[PlyCount "81"]
[EventDate "2013.??.??"]
[WhiteTeam "Niederlande"]
[BlackTeam "Widukind 1"]

1. Nf3 g6 2. c4 Bg7 3. Nc3 d6 4. d4 Bg4 5. g3 Nc6 6. Bg2 Nh6 7. Bxh6 Bxh6 8.
O-O O-O 9. h3 Bxf3 10. Bxf3 Bg7 11. e3 e5 12. d5 Ne7 13. Qc2 f5 14. Bg2 Kh8 15.
Rad1 b6 16. f4 a5 17. Ne2 Ng8 18. fxe5 Bxe5 19. Nf4 Qf6 20. b3 Rae8 21. Rf3
Bxf4 22. exf4 Re7 23. Rf2 Rfe8 24. Bf3 Re3 25. Qd2 Kg7 26. Kg2 h5 27. Re2 Rxe2+
28. Bxe2 Qe7 29. Bf3 Nf6 30. Qd4 Qe3 31. Qxe3 Rxe3 32. Kf2 Rc3 33. Re1 Kf7 34.
Re3 Rc1 35. Re1 Rc3 36. Re3 Rc2+ 37. Re2 Rc1 38. Re1 Rxe1 39. Kxe1 Nd7 40. Kd2
Nc5 41. Kc3 1/2-1/2

[Event "?"]
[Site "?"]
[Date "????.??.??"]
[Round "?"]
[White "Rychlik, K."]
[Black "Van Duijn, R."]
[Result "1/2-1/2"]
[WhiteElo "2098"]
[BlackElo "2021"]
[PlyCount "97"]
[EventDate "2013.??.??"]
[WhiteTeam "Widukind 1"]
[BlackTeam "Niederlande"]

1. Nf3 f5 2. g3 Nf6 3. Bg2 g6 4. b3 Bg7 5. Bb2 O-O 6. O-O d6 7. d4 c6 8. c4 h6
9. Nc3 Nbd7 10. Qc2 e5 11. e4 Ne8 12. Rad1 Qe7 13. Nh4 Qf7 14. exf5 gxf5 15. d5
c5 16. Bh3 Nb6 17. a4 Bd7 18. a5 Nc8 19. f4 e4 20. Ne2 Ne7 21. Bxg7 Nxg7 22.
Nc3 Rad8 23. Rfe1 Qh5 24. Bf1 Rde8 25. Be2 Qf7 26. Rb1 Rb8 27. b4 Rfc8 28. b5
Qf6 29. Rbd1 Ng6 30. Ng2 h5 31. h4 Nf8 32. Rd2 Qg6 33. Kh2 Nh7 34. Nd1 Nf6 35.
Nde3 Kf7 36. Rg1 Rg8 37. Nd1 Nge8 38. Nge3 Ng4+ 39. Nxg4 hxg4 40. Ne3 Nf6 41.
Qc3 Rh8 42. Bd1 Nh5 43. Rf2 Qh6 44. Rh1 Rbe8 45. Bc2 Qg6 46. Kg2 Rh7 47. Bb1
Reh8 48. Bc2 Qf6 49. Qxf6+ 1/2-1/2

[Event "?"]
[Site "?"]
[Date "????.??.??"]
[Round "?"]
[White "Munninghoff, A."]
[Black "Grabitz, G."]
[Result "1/2-1/2"]
[WhiteElo "1945"]
[BlackElo "2067"]
[PlyCount "114"]
[EventDate "2013.??.??"]
[WhiteTeam "Niederlande"]
[BlackTeam "Widukind 1"]

1. c4 Nf6 2. Nc3 e6 3. e4 d6 4. g3 c5 5. Bg2 Nc6 6. Nge2 Be7 7. d3 a6 8. a3 Qc7
9. O-O Rb8 10. h3 O-O 11. Be3 b5 12. cxb5 axb5 13. Qd2 e5 14. Rac1 b4 15. Nd5
Qd8 16. axb4 Nxd5 17. exd5 Nxb4 18. f4 exf4 19. Nxf4 Bf6 20. Nh5 Be5 21. d4
cxd4 22. Bxd4 f6 23. Rc4 Na6 24. b4 Nc7 25. Bxe5 fxe5 26. Rxf8+ Kxf8 27. Qc2
Ne8 28. Qxh7 Qg5 29. Rc2 Qh6 30. Qxh6 gxh6 31. g4 Bd7 32. Rb2 Rb5 33. Bf1 Rxd5
34. b5 Rc5 35. b6 Rc8 36. b7 Rb8 37. Bg2 Be6 38. Bc6 Nc7 39. Ng3 Bd5 40. Bxd5
Nxd5 41. Nf5 Ke8 42. Nxd6+ Kd7 43. Nf7 Kc7 44. Nxe5 Rxb7 45. Rxb7+ Kxb7 46. Nf7
Nf4 47. h4 h5 48. gxh5 Nxh5 49. Kf2 Kc7 50. Kf3 Kd7 51. Kg4 Ke7 52. Ng5 Ng7 53.
Nh7 Kf7 54. Kg5 Ne6+ 55. Kh6 Nf4 56. Ng5+ Kf6 57. Ne4+ Kf5 1/2-1/2

[Event "?"]
[Site "?"]
[Date "????.??.??"]
[Round "?"]
[White "Niebuhr, G."]
[Black "Schmidt, G."]
[Result "0-1"]
[WhiteElo "2072"]
[BlackElo "2235"]
[PlyCount "124"]
[EventDate "2013.??.??"]
[WhiteTeam "Freibauer Niedersachsen"]
[BlackTeam "USV TU Dresden"]

1. d4 Nf6 2. c4 e6 3. Nf3 d5 4. Nc3 Be7 5. Bg5 O-O 6. e3 h6 7. Bh4 Ne4 8. Bxe7
Qxe7 9. cxd5 Nxc3 10. bxc3 exd5 11. Qb3 Rd8 12. c4 Nc6 13. cxd5 Na5 14. Qb5 b6
15. Be2 Bb7 16. O-O Rxd5 17. Qb2 c5 18. dxc5 Rxc5 19. Nd4 Nc4 20. Bxc4 Rxc4 21.
Rac1 Rac8 22. Rxc4 Rxc4 23. Rd1 Qe4 24. Nf3 Qc2 25. Qxc2 Rxc2 26. Ra1 Bxf3 27.
gxf3 g5 28. a4 Kg7 29. a5 b5 30. a6 Rc6 31. Rb1 Rb6 32. Kg2 Kf6 33. Kg3 Kf5 34.
Rb4 Ke5 35. f4+ gxf4+ 36. Rxf4 b4 37. Rxf7 Rxa6 38. Rb7 Rb6 39. Rxa7 b3 40. Ra1
b2 41. Rb1 Ke4 42. Kg4 Rb5 43. h4 h5+ 44. Kg3 Kd3 45. Kf4 Kc2 46. Rg1 b1=Q 47.
Rxb1 Rxb1 48. e4 Kd3 49. e5 Kd4 50. Kf5 Rb8 51. f4 Rf8+ 52. Kg5 Kd5 53. Kxh5
Rxf4 54. Kg5 Kxe5 55. h5 Rf1 56. Kg6 Rg1+ 57. Kf7 Rf1+ 58. Kg7 Kf5 59. h6 Ra1
60. h7 Ra7+ 61. Kg8 Kg6 62. h8=N+ Kf6 0-1

[Event "?"]
[Site "?"]
[Date "????.??.??"]
[Round "?"]
[White "Petzold, H."]
[Black "Jürgens, P."]
[Result "1-0"]
[WhiteElo "2129"]
[BlackElo "2023"]
[PlyCount "81"]
[EventDate "2013.??.??"]
[WhiteTeam "USV TU Dresden"]
[BlackTeam "Freibauer Niedersachsen"]

1. e4 e6 2. d4 d5 3. Nc3 Bb4 4. e5 c5 5. Bd2 Ne7 6. Nb5 Bxd2+ 7. Qxd2 O-O 8. c3
Nbc6 9. Nf3 cxd4 10. cxd4 Nf5 11. Be2 a6 12. Nc3 Bd7 13. O-O Rc8 14. Rac1 Na7
15. Bd3 Ne7 16. Rfe1 Ng6 17. g3 Qa5 18. h4 Rfe8 19. h5 Nf8 20. h6 g6 21. Nxd5
Qxd2 22. Nf6+ Kh8 23. Nxd2 Red8 24. Nde4 Bc6 25. Nd6 Rc7 26. a4 Re7 27. b3 Nc8
28. Nxc8 Rxc8 29. d5 exd5 30. Nxd5 Ree8 31. Nf6 Red8 32. Bc4 Ne6 33. Bxe6 fxe6
34. Red1 g5 35. Rd6 Rxd6 36. exd6 Rd8 37. d7 e5 38. Kf1 Bxd7 39. Nxd7 Rxd7 40.
Rc8+ Rd8 41. Rxd8# 1-0

[Event "?"]
[Site "?"]
[Date "????.??.??"]
[Round "?"]
[White "Gneiss, K."]
[Black "Kirmas, J."]
[Result "1-0"]
[WhiteElo "2134"]
[BlackElo "2050"]
[PlyCount "71"]
[EventDate "2013.??.??"]
[WhiteTeam "Salzburg"]
[BlackTeam "Saale-Schachbund Halle"]

1. e4 e5 2. Nf3 Nc6 3. Bc4 Nf6 4. d3 Be7 5. Nc3 O-O 6. a3 d6 7. h3 h6 8. Be3
Be6 9. Nd5 Re8 10. Qd2 Bf8 11. g4 Bxd5 12. exd5 Ne7 13. g5 Nfxd5 14. gxh6 Nxe3
15. fxe3 Ng6 16. Qg2 d5 17. Ng5 gxh6 18. Nxf7 Qh4+ 19. Kd2 Kxf7 20. Qxd5+ Ke7
21. Raf1 Nh8 22. Rf5 Bg7 23. Rg1 Bf6 24. Rgf1 Rab8 25. Qc5+ Kd8 26. Rxf6 Qxh3
27. Qxa7 Kc8 28. Be6+ Rxe6 29. Rf8+ Kd7 30. Qxb8 Ng6 31. R8f7+ Ne7 32. Qxb7 Kd6
33. c4 e4 34. c5+ Kd7 35. Qd5+ Rd6 36. c6+ 1-0

[Event "?"]
[Site "?"]
[Date "????.??.??"]
[Round "?"]
[White "Detter, P."]
[Black "Franke, R."]
[Result "0-1"]
[WhiteElo "2086"]
[BlackElo "1991"]
[PlyCount "54"]
[EventDate "2013.??.??"]
[WhiteTeam "Salzburg"]
[BlackTeam "Saale-Schachbund Halle"]

1. e4 g6 2. d4 Bg7 3. Nf3 d6 4. Bc4 Nf6 5. Qe2 O-O 6. e5 Ne8 7. e6 f6 8. Nc3 c6
9. d5 Nc7 10. O-O b5 11. Bd3 b4 12. Ne4 Nxd5 13. c4 bxc3 14. bxc3 Bxe6 15. Nc5
Bf7 16. Ne6 Bxe6 17. Qxe6+ Kh8 18. Qh3 Qc8 19. Qh4 Kg8 20. Bh6 Nd7 21. Bxg7
Kxg7 22. Bc4 N7b6 23. Bb3 Nxc3 24. Nd4 Qd7 25. Rac1 Nbd5 26. Rxc3 Nxc3 27. Ne6+
Kh8 0-1

[Event "?"]
[Site "?"]
[Date "????.??.??"]
[Round "?"]
[White "Reinemann, G."]
[Black "Koller, H."]
[Result "1/2-1/2"]
[WhiteElo "1999"]
[BlackElo "2113"]
[PlyCount "47"]
[EventDate "2013.??.??"]
[WhiteTeam "Saale-Schachbund Halle"]
[BlackTeam "Salzburg"]

1. e4 d6 2. d4 Nf6 3. Bd3 Nc6 4. c3 e5 5. Ne2 Be7 6. O-O O-O 7. a3 d5 8. exd5
Nxd5 9. dxe5 Nxe5 10. Be4 Nf6 11. Qc2 Nxe4 12. Qxe4 Bf6 13. Ng3 Qd3 14. Nd2 g6
15. f4 Qxe4 16. Ndxe4 Nd7 17. Nxf6+ Nxf6 18. f5 Nd5 19. fxg6 hxg6 20. Bh6 Re8
21. Rfe1 Rxe1+ 22. Rxe1 Be6 23. Kf2 Kh7 24. Bg5 1/2-1/2

[Event "?"]
[Site "?"]
[Date "????.??.??"]
[Round "?"]
[White "Siegmund, R."]
[Black "Hedin, G."]
[Result "1-0"]
[WhiteElo "2130"]
[BlackElo "2125"]
[PlyCount "79"]
[EventDate "2013.??.??"]
[WhiteTeam "SV Dresden-Striesen 1990"]
[BlackTeam "Schweden 2"]

1. d4 f5 2. g3 Nf6 3. Bg2 g6 4. Nf3 Bg7 5. O-O O-O 6. c4 d6 7. Nc3 c6 8. Rb1
Kh8 9. b4 Be6 10. d5 cxd5 11. Nd4 Bd7 12. cxd5 Na6 13. a3 Rc8 14. Bb2 Ng4 15.
Rc1 Ne5 16. Ne6 Bxe6 17. dxe6 Nc4 18. Ba1 Nc7 19. Bxb7 Rb8 20. Bd5 Nxa3 21. Qa4
Nab5 22. Nxb5 Nxb5 23. Bxg7+ Kxg7 24. Bc6 Qb6 25. e3 Nc7 26. Bd7 Na6 27. Rc6
Qxb4 28. Rxa6 Qxa4 29. Rxa4 Rb7 30. Rfa1 Rfb8 31. Rxa7 Rb2 32. R7a2 Rb1+ 33.
Kg2 Kf6 34. Ra8 g5 35. Rxb8 Rxb8 36. Rc1 Rg8 37. Rc4 h5 38. h4 g4 39. Rc8 Rg7
40. Rh8 1-0